| 000 | 00487nam a22001457a 4500 | ||
|---|---|---|---|
| 999 |
_c18491 _d18491 |
||
| 008 | 200916b xxu||||| |||| 00| 0 eng d | ||
| 020 | _a0975918206 | ||
| 050 |
_aTK5103.2 _b.U43 2004 c.1 |
||
| 100 | _aUmar, Amjad | ||
| 245 |
_aMobile computing and wireless communications _bApplications, networks, platforms, architetures and security _cAmjad Umar |
||
| 260 |
_bNGE solutions _c2004 |
||
| 300 | _a3vol.(various paging) | ||
| 650 | _awireless communication systems | ||
| 942 |
_2lcc _cBK |
||